000 00496nab a2200145Ia 4500
003 ES-SlBCS
005 20210601125241.0
008 140529s1980 xxu||||| |||| 00| 0 eng d
041 _aeng
100 1 _aPitte, Frédérick P. Van de
_9155805
245 0 0 _aDescartes' Role in the Faith-Reason Controversy
_c Frédérick P. Van de Pitte
600 1 4 _aDescartes, René
_d, 1596-1650
_917203
773 0 _tPhilosophy and Phenomenological Research
_gvol. 40, 1980, págs. 344-353
_wRev1411
942 _cAR
999 _c527252
_d527252